00261nam a2200097Ia 4500008004100000100002300041245004000064260003700104300000900141650001300150190216s9999||||xx |||||||||||||| ||und|| aDalton E Mcfarland 0aManagement Foundation And Practises bNew Central Book Agenciesc1979 a657p aCommerce